000 00723nam a2200217 i 4500
001 78117
003 ES-MaACL
005 20250806014154.0
007 t|
008 041011s1984 mx a |||| | spa d
130 0 _aHarrison's principles of internal medicine.
_lEspañol.
_9121952
245 1 0 _aMedicina interna /
_cHarrison ; traductores, Luz de Lourdes Álvarez Klein ... [et al.].
250 _a5ª ed.
260 _aMéxico :
_bLa Prensa Médica Mexicana,
_c1984.
300 _a2 v. :
_bil. ;
_c27 cm.
650 0 7 _aMedicina interna
_2embne
_914925
700 1 _aHarrison, Tinsley Randolph.
_961943
700 0 _aAlvarez Klein, Luz de Lourdes.
_920851
852 _aES-MaACL
_jL-6104-05
999 _c78117
_d78117